Counseling strategies with special populations
| Beteiligte: | ; |
|---|---|
| Medienart: | Druck Buch |
| Sprache: | Englisch |
| Veröffentlicht: |
Springfield, Ill.
Thomas
1975
|
| In: |
American lecture series (965)
Jahr: 1975 |
| Bestand in Tübingen: | In Tübingen vorhanden. UB: KB 6 A 351 |
| Verfügbarkeit prüfen: | HBZ Gateway |
| Subito Bestelldienst: | Jetzt bestellen. |
MARC
| LEADER | 00000cam a22000002c 4500 | ||
|---|---|---|---|
| 001 | 1094395234 | ||
| 003 | DE-627 | ||
| 005 | 20260416180456.0 | ||
| 007 | tu | ||
| 008 | 910606s1975 xx ||||| 00| ||eng c | ||
| 020 | |a 039803284X |9 0-398-03284-X | ||
| 035 | |a (DE-627)1094395234 | ||
| 035 | |a (DE-603)129054283 | ||
| 035 | |a (DE-576)024395234 | ||
| 035 | |a (DE-599)BSZ024395234 | ||
| 035 | |a (OCoLC)00969665 | ||
| 040 | |a DE-627 |b ger |c DE-627 |e rakwb | ||
| 041 | |a eng | ||
| 082 | 0 | |a 361/.06 | |
| 084 | |a CW 6660 |2 rvk |0 (DE-625)rvk/19189: | ||
| 084 | |a CU 8000 |2 rvk |0 (DE-625)rvk/19124: | ||
| 245 | 0 | 0 | |a Counseling strategies with special populations |c [ed. by] John G. Cull ... |
| 264 | 1 | |a Springfield, Ill. |b Thomas |c 1975 | |
| 300 | |a XIV, 341 S. | ||
| 336 | |a Text |b txt |2 rdacontent | ||
| 337 | |a ohne Hilfsmittel zu benutzen |b n |2 rdamedia | ||
| 338 | |a Band |b nc |2 rdacarrier | ||
| 490 | 1 | |a American lecture series |v 965 | |
| 505 | 8 | |a Literaturangaben | |
| 583 | 1 | |a Archivierung prüfen |c 20200919 |f DE-640 |z 2 |2 pdager | |
| 700 | 1 | |a Cull, John G. |e Hrsg. |4 edt | |
| 700 | 1 | |a Hardy, Richard E. |4 oth | |
| 830 | 0 | |a American lecture series |v 965 |9 965 |w (DE-627)130724041 |w (DE-576)000433934 |w (DE-600)972510-6 |x 0099-5371 |7 am | |
| 935 | |a MZUSA | ||
| 936 | r | v | |a CW 6660 |b Spezielle Rehabilitationsverfahren |k Psychologie |k Angewandte Psychologie |k Rehabilitation |k Spezielle Rehabilitationsverfahren |0 (DE-627)1271705419 |0 (DE-625)rvk/19189: |0 (DE-576)201705419 |
| 936 | r | v | |a CU 8000 |b Allgemeines, Einführungen, Gesamtdarstellungen |k Psychologie |k Klinische Psychologie |k Psychologische Behandlungsmethoden, Psychotherapie |k Allgemeines, Einführungen, Gesamtdarstellungen |0 (DE-627)1271481030 |0 (DE-625)rvk/19124: |0 (DE-576)201481030 |
| 936 | s | n | |a c200 |2 mzub |
| 951 | |a BO | ||
| ELC | |b 1 | ||
| LOK | |0 000 xxxxxcx a22 zn 4500 | ||
| LOK | |0 001 2165565464 | ||
| LOK | |0 003 DE-627 | ||
| LOK | |0 004 1094395234 | ||
| LOK | |0 005 20020606000000 | ||
| LOK | |0 008 910606||||||||||||||||ger||||||| | ||
| LOK | |0 040 |a DE-21 |c DE-627 |d DE-21 | ||
| LOK | |0 852 |a DE-21 | ||
| LOK | |0 852 1 |c KB 6 A 351 |9 00 | ||
| LOK | |0 935 |a krim | ||
| LOK | |0 936ln |a k12.11.6 | ||
| LOK | |0 939 |a 1991-06-06 |b l01 | ||
| ORI | |a WA-MARC-krimdoka001.raw | ||
| SIG | |a UB: KB 6 A 351 | ||
